| 000 | 00497nam a2200181 a 4500 | ||
|---|---|---|---|
| 005 | 20140626155341.0 | ||
| 008 | 120803s19uu xx 00 eng d | ||
| 020 | _a9719919247 | ||
| 050 |
_aHF 5635 _b.V238 2012 vol.3 |
||
| 100 | _aValix, Conrado T. | ||
| 245 | _aFinancial accounting / | ||
| 260 |
_aManila : _bGIC Enterprise & Co. Inc., _c2012. |
||
| 300 | _a952 p. | ||
| 650 | _aFinancial accounting | ||
| 700 | _aPeralta, Jose F. | ||
| 700 | _aValix, Christian Aris M. | ||
| 942 |
_cBK _2lcc |
||
| 999 |
_c25227 _d25227 |
||